=LDR 00000nam 2200000 4500 =001 INLIS000000000042939 =005 20131008015742 =008 ***********************************ind** =035 ##$$0010-101300000000861 =041 ##$$a ind =082 ##$$a F.Rom.K =090 ##$$a F.Rom.K, Suz d =100 ##$$a Suzanne, Jamie =245 ##$$a Dibalik dusta, Jamie Suzanne =260 ##$$a 1995 $b Jakarta =300 ##$$a 121 hlm., 18 cm =650 ##$$a Fiksi Kanak-kanak =850 ##$$a NBPNMAT